Estudios sobre el proyecto de código unificado de 1998 (Registro nro. 6822)

Detalles MARC
000 -LEADER
fixed length control field 01143 a2200361 4500
001 - CONTROL NUMBER
control field 59785
005 - DATE AND TIME OF LATEST TRANSACTION
control field 20260407155851.0
008 - FIXED-LENGTH DATA ELEMENTS--GENERAL INFORMATION
fixed length control field 260407a2001 arg spa d
003 - CONTROL NUMBER IDENTIFIER
control field AR-UNSa-BCEJYS
040 ## - CATALOGING SOURCE
Original cataloging agency AR-UNSa-BCEJYS
Language of cataloging spa
Transcribing agency AR-UNSa-BCEJYS
080 ## - UNIVERSAL DECIMAL CLASSIFICATION NUMBER
Universal Decimal Classification number 347
Common auxiliary subdivision Derecho Civil
020 ## - INTERNATIONAL STANDARD BOOK NUMBER
International Standard Book Number 950-572-586-8
041 ## - LANGUAGE CODE
Language code of text/sound track or separate title spa
100 1# - MAIN ENTRY--PERSONAL NAME
Personal name Brebbia, Roberto H.
245 10 - TITLE STATEMENT
Title Estudios sobre el proyecto de código unificado de 1998
264 #1 - PRODUCTION, PUBLICATION, DISTRIBUTION, MANUFACTURE, AND COPYRIGHT NOTICE
Place of production, publication, distribution, manufacture Buenos Aires :
Name of producer, publisher, distributor, manufacturer Víctor P. de Zavalía
Date of production, publication, distribution, manufacture, or copyright notice 2001
300 ## - PHYSICAL DESCRIPTION
Extent 410 p.
Dimensions 23 cm.
505 ## - FORMATTED CONTENTS NOTE
Formatted contents note 1. Parte general y obligaciones - 2. Derecho reales - 3. Responsabilidad civil - 4. Sucesiones
590 ## - LOCAL NOTE (RLIN)
Local note niveau_biblio:m niveau_hierar:0
700 1# - ADDED ENTRY--PERSONAL NAME
Personal name Andorno, Luis O.
700 1# - ADDED ENTRY--PERSONAL NAME
Personal name Casiello, Juan J.
700 1# - ADDED ENTRY--PERSONAL NAME
Personal name Ferrer, Francisco A.M.
700 1# - ADDED ENTRY--PERSONAL NAME
Personal name López de Zavalía, Fernando
700 1# - ADDED ENTRY--PERSONAL NAME
Personal name Moisset de Espanés, Luis
700 1# - ADDED ENTRY--PERSONAL NAME
Personal name Natale, Roberto M.
700 1# - ADDED ENTRY--PERSONAL NAME
Personal name Piñón, Benjamín P.
700 1# - ADDED ENTRY--PERSONAL NAME
Personal name Racciatti, Hernán J.
700 1# - ADDED ENTRY--PERSONAL NAME
Personal name Stein, Enrique
700 1# - ADDED ENTRY--PERSONAL NAME
Personal name Tejerina, Wenceslao
700 1# - ADDED ENTRY--PERSONAL NAME
Personal name Trigo Represas, Félix A
700 1# - ADDED ENTRY--PERSONAL NAME
Personal name Vigo, Rodolfo Luis
942 ## - ADDED ENTRY ELEMENTS (KOHA)
Koha item type
Existencias
Withdrawn status Lost status Damaged status Not for loan Home library Current library Shelving location Date acquired Total checkouts Full call number Barcode Date last seen Price effective from Koha item type
        Biblioteca Prof. Eusebio Cleto del Rey Biblioteca Prof. Eusebio Cleto del Rey   07/04/2026   347 B828 L86331 07/04/2026 07/04/2026 Libro
        Biblioteca Prof. Eusebio Cleto del Rey Biblioteca Prof. Eusebio Cleto del Rey   07/04/2026   347 B828 L86744 07/04/2026 07/04/2026 Libro